[Event "13th Poti Nana Aleksandria Cup"]
[Site "Poti"]
[Date "2018.07.14"]
[Round "2"]
[White "Kokaia, Guram"]
[Black "Samadov, Read"]
[Result "1-0"]
[WhiteElo "2159"]
[BlackElo "2037"]
[Annotator "NA"]
[PlyCount "90"]
[EventDate "2018.07.13"]
[EventType "swiss"]
[EventCountry "GEO"]
[SourceTitle "playchess.com"]
[Source "ChessBase"]
[SourceQuality "1"]
[TimeControl "40/5400+30:1800+30"]

1. e4 {[%emt 0:00:00]} e6 {[%emt 0:00:10]} 2. d4 {[%emt 0:00:07]} d5 {[%emt 0:00:06]} 3. Nd2 {[%emt 0:00:07]} c5 {[%emt 0:00:06]} 4. Ngf3 {[%emt 0:00:15]} Nc6 {[%emt 0:00:18]} 5. exd5 {[%emt 0:00:56]} exd5 {[%emt 0:00:10]} 6. Bb5 {[%emt 0:00:13]} Bd6 {[%emt 0:00:39]} 7. O-O {[%emt 0:00:40]} Nge7 {[%emt 0:00:27]} 8. dxc5 {[%emt 0:03:40]} Bxc5 {[%emt 0:00:12]} 9. Nb3 {[%emt 0:01:58]} Bd6 {[%emt 0:00:54]} 10. Bg5 {[%emt 0:01:35]} O-O {[%emt 0:03:42]} 11. Bh4 {[%emt 0:02:37]} Qc7 {[%emt 0:08:33]} 12. Bg3 {[%emt 0:00:11]} Bg4 {[%emt 0:06:44]} 13. Be2 {[%emt 0:07:57]} Bxg3 {[%emt 0:08:46]} 14. hxg3 {[%emt 0:00:10] LiveBook: 6 Games} Bxf3 {[%emt 0:09:33]} 15. Bxf3 {[%emt 0:03:16]} Rad8 {[%emt 0:02:25]} 16. c3 {[%emt 0:00:44]} Qb6 {[%emt 0:04:07]} 17. Re1 $14 {[%emt 0:06:18]} Ng6 {[%emt 0:07:47]} 18. Qd2 {[%emt 0:13:39]} Nge5 {[%emt 0:08:53]} 19. Rad1 {[%emt 0:03:49]} Nxf3+ {[%emt 0:03:35]} 20. gxf3 {[%emt 0:00:06]} a5 {[%emt 0:04:33]} 21. Qe3 {[%emt 0:05:41]} Qc7 {[%emt 0:05:12]} 22. Nd4 {[%emt 0:06:58]} Qd7 {[%emt 0:01:26]} 23. Kg2 {[%emt 0:05:54]} Rfe8 {[%emt 0:02:37]} 24. Qf4 {[%emt 0:01:53]} f6 {[%emt 0:02:58]} 25. Rxe8+ {[%emt 0:10:36]} Rxe8 {[%emt 0:01:17]} 26. Rd2 {[%emt 0:02:08]} Re5 {[%emt 0:02:33]} 27. Nc2 {[%emt 0:07:06]} Rf5 {[%emt 0:01:34]} 28. Qa4 {[%emt 0:07:25]} Rh5 {[%emt 0:06:03]} 29. Qg4 {[%emt 0:02:51]} Qxg4 {[%emt 0:02:38]} 30. fxg4 {[%emt 0:00:01]} Re5 {[%emt 0:00:20]} 31. Ne3 {[%emt 0:03:30]} Ne7 {[%emt 0:01:22]} 32. Rd3 {[%emt 0:01:25]} b6 {[%emt 0:01:48]} 33. f4 {[%emt 0:00:46]} Re6 {[%emt 0:01:44]} 34. Kf3 {[%emt 0:00:25]} Rd6 {[%emt 0:01:00]} 35. c4 {[%emt 0:01:10]} d4 {[%emt 0:01:02]} 36. Nf5 {[%emt 0:00:39]} Nxf5 {[%emt 0:00:25]} 37. gxf5 {[%emt 0:00:02]} Kf7 {[%emt 0:01:32]} 38. Ke4 {[%emt 0:00:12]} g6 {[%emt 0:00:28]} 39. fxg6+ {[%emt 0:01:16]} hxg6 {[%emt 0:00:27]} 40. Rxd4 {[%emt 0:00:18]} f5+ {[%emt 0:00:18]} 41. Ke3 {[%emt 0:02:37]} Re6+ {[%emt 0:03:00]} 42. Kf3 {[%emt 0:00:09]} Ke7 {[%emt 0:05:40]} 43. Rd5 {[%emt 0:01:48]} Rc6 {[%emt 0:03:05]} 44. b3 {[%emt 0:10:48]} a4 {[%emt 0:04:16]} 45. Ke3 {[%emt 0:04:08]} Re6+ {[%emt 0:04:58]} 1-0

[Event "13th Poti Nana Aleksandria Cup"]
[Site "Poti"]
[Date "2018.07.14"]
[Round "2"]
[White "Eynullayev, Altay"]
[Black "Nigmatov, Ortik"]
[Result "0-1"]
[WhiteElo "2134"]
[BlackElo "2461"]
[Annotator "ChessBase"]
[PlyCount "94"]
[EventDate "2018.07.13"]
[EventType "swiss"]
[EventCountry "GEO"]
[SourceTitle "playchess.com"]
[Source "ChessBase"]
[SourceQuality "1"]
[TimeControl "40/5400+30:1800+30"]

1. d4 {[%emt 0:00:00]} Nf6 {[%emt 0:00:00]} 2. c4 {[%emt 0:00:00]} c5 {[%emt 0:00:15]} 3. d5 {[%emt 0:00:00]} b5 {[%emt 0:00:06]} 4. cxb5 {[%emt 0:00:00]} a6 {[%emt 0:00:05]} 5. bxa6 {[%emt 0:00:00]} g6 {[%emt 0:00:07]} 6. Nc3 {[%emt 0:00:00]} Bg7 {[%emt 0:00:07]} 7. e4 {[%emt 0:00:05]} O-O {[%emt 0:00:08]} 8. Be2 {[%emt 0:00:02]} Qa5 {[%emt 0:04:24]} 9. Bd2 {[%emt 0:00:05]} Bxa6 {[%emt 0:02:14]} 10. e5 {[%emt 0:00:08]} Ne8 {[%emt 0:01:16]} 11. Nf3 {[%emt 0:00:09]} d6 {[%emt 0:07:06]} 12. e6 {[%emt 0:00:38]} f5 {[%emt 0:04:49]} 13. h4 {[%emt 0:06:23]} Nf6 {[%emt 0:17:48]} 14. Ne4 {[%emt 0:25:03]} Bxe2 {[%emt 0:08:12]} 15. Nxf6+ {[%emt 0:01:43]} Bxf6 {[%emt 0:00:07]} 16. Qxe2 {[%emt 0:00:12]} Qa6 {[%emt 0:03:03]} 17. Bc3 {[%emt 0:01:32]} Qxe2+ {[%emt 0:03:05]} 18. Kxe2 {[%emt 0:00:02]} Na6 {[%emt 0:00:08]} 19. Rhd1 {[%emt 0:04:37]} Nc7 {[%emt 0:07:20]} 20. Bxf6 {[%emt 0:16:26]} Rxf6 {[%emt 0:01:14]} 21. a3 {[%emt 0:04:23]} Rff8 {[%emt 0:00:13]} 22. Rac1 {[%emt 0:03:59]} Rfb8 {[%emt 0:05:42]} 23. Rc2 {[%emt 0:05:58]} Kg7 {[%emt 0:00:55]} 24. Rd3 {[%emt 0:03:20]} Ra4 {[%emt 0:02:33]} 25. g3 {[%emt 0:06:32]} Re4+ {[%emt 0:09:04]} 26. Kd1 {[%emt 0:00:45]} Rb7 {[%emt 0:14:05]} 27. Kc1 {[%emt 0:09:07]} h6 {[%emt 0:00:54]} 28. Kd1 {[%emt 0:04:12]} Kf6 {[%emt 0:01:26]} 29. b3 {[%emt 0:01:13]} g5 {[%emt 0:03:16]} 30. hxg5+ {[%emt 0:02:06]} hxg5 {[%emt 0:00:01]} 31. Re2 {[%emt 0:01:38]} Rxe2 {[%emt 0:02:11]} 32. Kxe2 {[%emt 0:00:01]} g4 {[%emt 0:00:12]} 33. Nd2 {[%emt 0:00:39]} Nb5 {[%emt 0:00:16]} 34. f3 {[%emt 0:04:08]} Nxa3 {[%emt 0:01:22]} 35. fxg4 {[%emt 0:00:05]} fxg4 {[%emt 0:00:08]} 36. Ke3 {[%emt 0:00:59]} Kf5 {[%emt 0:01:00]} 37. Rc3 {[%emt 0:00:53]} Rb4 {[%emt 0:00:57]} 38. Rc1 {[%emt 0:01:24]} Ke5 {[%emt 0:00:22]} 39. Rf1 {[%emt 0:00:27]} Kxd5 {[%emt 0:00:24]} 40. Rf4 {[%emt 0:00:00]} Nc2+ {[%emt 0:00:00]} 41. Kd3 {[%emt 0:01:53]} Rxf4 {[%emt 0:01:20]} 42. gxf4 {[%emt 0:00:03]} Nb4+ {[%emt 0:00:05]} 43. Ke3 {[%emt 0:01:23]} Kxe6 {[%emt 0:00:01]} 44. Nf1 {[%emt 0:00:40]} Nc6 {[%emt 0:03:07]} 45. Nd2 {[%emt 0:01:42]} Nd4 {[%emt 0:01:53]} 46. Kf2 {[%emt 0:02:20]} Kf5 {[%emt 0:00:23]} 47. Ke3 {[%emt 0:00:06]} Nc2+ {[%emt 0:00:27] Kd4 Ke5+} 0-1

[Event "13th Poti Nana Aleksandria Cup"]
[Site "Poti"]
[Date "2018.07.14"]
[Round "2"]
[White "Eynullayev, Atilla"]
[Black "Danielyan, Vahe"]
[Result "0-1"]
[WhiteElo "2120"]
[BlackElo "2317"]
[Annotator "NA"]
[PlyCount "112"]
[EventDate "2018.07.13"]
[EventType "swiss"]
[EventCountry "GEO"]
[SourceTitle "playchess.com"]
[Source "ChessBase"]
[SourceQuality "1"]
[TimeControl "40/5400+30:1800+30"]

1. d4 {[%emt 0:00:00]} Nf6 {[%emt 0:00:00]} 2. c4 {[%emt 0:00:00]} c5 {[%emt 0:00:00]} 3. d5 {[%emt 0:00:00]} b5 {[%emt 0:00:00]} 4. cxb5 {[%emt 0:00:00]} a6 {[%emt 0:00:00]} 5. bxa6 {[%emt 0:00:00]} g6 {[%emt 0:00:00]} 6. Nc3 {[%emt 0:00:00] A58: Benko/Volga Gambit: Lines with 5 bxa6} Bg7 {[%emt 0:00:01]} 7. e4 {[%emt 0:00:00]} (7. Nf3 O-O 8. g3 d6 9. Bg2 Nxa6 10. O-O Bf5 11. Nh4 Bd7 12. b3 Qb6 13. Bd2 Rfb8 14. Re1 Nc7 15. Qc2 Ra3 16. Qc1 Qa7 17. e4 Ng4 18. h3 {0-1 (38) Li,C (2732)-Shankland,S (2671) Liaocheng 2018}) 7... O-O {[%emt 0:00:03]} 8. Be2 {[%emt 0:00:00]} Qa5 {[%emt 0:01:00] LiveBook: 26 Partien} 9. Bd2 {[%emt 0:00:09]} Bxa6 {[%emt 0:00:23]} 10. e5 {[%emt 0:00:04]} Ne8 {[%emt 0:00:30]} 11. Nf3 {[%emt 0:00:30]} d6 {[%emt 0:00:30]} 12. e6 {[%emt 0:00:30]} fxe6 {[%emt 0:00:30]} 13. dxe6 {[%emt 0:00:30]} Bxe2 {[%emt 0:00:30]} 14. Qxe2 {[%emt 0:00:30]} Nc6 $146 {[%emt 0:00:30]} ({Predecessor:} 14... Qa6 15. Qxa6 Nxa6 16. Nd5 Ra7 17. Bc3 Bxc3+ 18. Nxc3 Ng7 {½-½ (18) Zanan,E (2450)-Semjonovs,I (2181) Pardubice 2016}) 15. O-O {[%emt 0:00:30]} Rb8 {[%emt 0:04:47]} 16. Be1 {[%emt 0:56:08]} Nd4 {[%emt 0:02:56]} 17. Nxd4 {[%emt 0:00:52]} cxd4 {[%emt 0:00:56]} 18. Nd1 {[%emt 0:10:08]} Qd5 {[%emt 0:06:01]} 19. Qd3 {[%emt 0:02:01]} Nc7 {[%emt 0:00:30]} 20. Bd2 {[%emt 0:05:20]} Nxe6 {[%emt 0:00:34]} 21. b4 {[%emt 0:02:34]} Nf4 {[%emt 0:01:43]} 22. Bxf4 {[%emt 0:00:13]} Rxf4 {[%emt 0:00:04]} 23. a3 {[%emt 0:03:26]} e5 {[%emt 0:00:26]} 24. f3 {[%emt 0:03:31]} Qe6 {[%emt 0:03:26]} 25. Nf2 {[%emt 0:04:22]} d5 {[%emt 0:00:23]} 26. Qd2 {[%emt 0:02:36]} Rbf8 {[%emt 0:02:22]} 27. Nd3 {[%emt 0:03:32]} R4f5 {[%emt 0:01:22]} 28. Nc5 {[%emt 0:01:07]} Qf7 {[%emt 0:00:11]} 29. Rfe1 {[%emt 0:02:36]} g5 {[%emt 0:00:34]} 30. h3 {[%emt 0:03:05]} h5 {[%emt 0:00:30]} 31. a4 {[%emt 0:00:30]} g4 {[%emt 0:00:30]} 32. hxg4 {[%emt 0:00:30]} hxg4 {[%emt 0:00:30]} 33. fxg4 {[%emt 0:00:30]} Rf2 {[%emt 0:00:30]} 34. Qg5 {[%emt 0:00:30]} e4 {[%emt 0:00:30]} 35. Nxe4 {[%emt 0:00:30]} dxe4 {[%emt 0:00:30]} 36. Rxe4 {[%emt 0:00:30]} Rxg2+ {[%emt 0:05:09]} 37. Kxg2 {[%emt 0:00:00]} Qf3+ {[%emt 0:00:04]} 38. Kg1 {[%emt 0:00:05]} Qxe4 {[%emt 0:00:41]} 39. Rf1 {[%emt 0:00:43]} Rxf1+ {[%emt 0:00:23]} 40. Kxf1 {[%emt 0:00:00]} d3 {[%emt 0:00:00]} 41. Qd8+ {[%emt 0:04:07]} Kh7 {[%emt 0:00:35]} 42. Qd7 {[%emt 0:01:55]} Qe2+ {[%emt 0:05:30]} 43. Kg1 {[%emt 0:00:22]} Qe3+ {[%emt 0:00:25]} 44. Kf1 {[%emt 0:08:09]} d2 {[%emt 0:00:42]} 45. Qf5+ {[%emt 0:00:22]} Kg8 {[%emt 0:00:28]} 46. Qd5+ {[%emt 0:01:47]} Kh8 {[%emt 0:00:26]} 47. Qh1+ {[%emt 0:01:55]} Bh6 {[%emt 0:00:47]} 48. Qa8+ {[%emt 0:00:09]} Kg7 {[%emt 0:00:27]} 49. Qb7+ {[%emt 0:00:18]} Kg6 {[%emt 0:00:11]} 50. Qc6+ {[%emt 0:04:56]} Kg5 {[%emt 0:00:12]} 51. Qd5+ {[%emt 0:02:32]} Kh4 {[%emt 0:00:05]} 52. Qh1+ {[%emt 0:01:18]} Kg3 {[%emt 0:01:34]} 53. Qg2+ {[%emt 0:00:38]} Kf4 {[%emt 0:00:07]} 54. Qh2+ {[%emt 0:01:20]} Ke4 {[%emt 0:00:08]} 55. Qe2 {[%emt 0:01:33]} Kd4 {[%emt 0:00:05]} 56. Qd1 {[%emt 0:00:41]} Qh3+ {[%emt 0:00:09]} 0-1

[Event "13th Poti Nana Aleksandria Cup"]
[Site "Poti"]
[Date "2018.07.14"]
[Round "2"]
[White "Mustafayev, Farid"]
[Black "Arakelyan, Nare"]
[Result "1-0"]
[WhiteElo "2068"]
[BlackElo "1834"]
[Annotator "NA"]
[PlyCount "121"]
[EventDate "2018.07.13"]
[EventType "swiss"]
[EventCountry "GEO"]
[SourceTitle "playchess.com"]
[Source "ChessBase"]
[SourceQuality "1"]
[TimeControl "40/5400+30:1800+30"]

1. d4 {[%emt 0:00:00]} d5 {[%emt 0:00:00]} 2. c4 {[%emt 0:00:00]} c6 {[%emt 0:00:00]} 3. Nf3 {[%emt 0:00:00]} Nf6 {[%emt 0:00:00]} 4. g3 {[%emt 0:00:04]} dxc4 {[%emt 0:02:06]} 5. Bg2 {[%emt 0:00:19]} Nbd7 {[%emt 0:00:16]} 6. Qc2 {[%emt 0:04:38]} Nb6 {[%emt 0:03:42]} 7. O-O {[%emt 0:01:34]} g6 {[%emt 0:01:13]} 8. e4 {[%emt 0:03:21]} Bg7 {[%emt 0:01:39]} 9. a4 {[%emt 0:00:19]} a5 {[%emt 0:00:23]} 10. h3 {[%emt 0:02:07]} h6 {[%emt 0:06:18]} 11. Be3 {[%emt 0:00:45]} Nxe4 {[%emt 0:03:36]} 12. Bxh6 {[%emt 0:09:19]} Rxh6 {[%emt 0:05:12]} 13. Qxe4 {[%emt 0:00:08]} Bf5 {[%emt 0:03:47]} 14. Qf4 {[%emt 0:02:49]} Nd5 {[%emt 0:01:00]} 15. Qd2 {[%emt 0:01:15]} Bxh3 {[%emt 0:02:35]} 16. Bxh3 {[%emt 0:01:59]} Rxh3 {[%emt 0:00:05]} 17. Re1 {[%emt 0:11:28]} Qc7 {[%emt 0:08:24]} 18. Na3 {[%emt 0:18:55]} Bh6 {[%emt 0:05:29]} 19. Qe2 {[%emt 0:03:16]} c3 {[%emt 0:05:27]} 20. bxc3 {[%emt 0:02:09]} Nxc3 {[%emt 0:00:04]} 21. Qf1 {[%emt 0:01:37]} Rh5 {[%emt 0:01:33]} 22. Nc4 {[%emt 0:05:03]} Bg7 {[%emt 0:06:22]} 23. Rec1 {[%emt 0:04:50]} Nd5 {[%emt 0:04:48]} 24. Rab1 {[%emt 0:04:34]} O-O-O {[%emt 0:02:47]} 25. Qe1 {[%emt 0:01:49]} Rdh8 {[%emt 0:07:40]} 26. Qe4 {[%emt 0:03:51]} Rh1+ {[%emt 0:07:14]} 27. Kg2 {[%emt 0:00:05]} Rxc1 {[%emt 0:00:05]} 28. Rxc1 {[%emt 0:00:03]} Qd7 {[%emt 0:01:46]} 29. Kf1 {[%emt 0:03:08]} Rh1+ {[%emt 0:00:52]} 30. Ng1 {[%emt 0:00:08]} Qh3+ {[%emt 0:02:45]} 31. Qg2 {[%emt 0:00:11]} Qxg2+ {[%emt 0:00:11]} 32. Kxg2 {[%emt 0:00:06]} Rh5 {[%emt 0:00:19]} 33. g4 {[%emt 0:00:08]} Rh8 {[%emt 0:02:32]} 34. Ne2 {[%emt 0:00:16]} Kc7 {[%emt 0:01:06]} 35. Rb1 {[%emt 0:01:47]} b6 {[%emt 0:00:36]} 36. Ne3 {[%emt 0:00:05]} Nxe3+ {[%emt 0:01:17]} 37. fxe3 {[%emt 0:02:50]} e5 {[%emt 0:05:51]} 38. Rf1 {[%emt 0:01:22]} Rf8 {[%emt 0:00:06]} 39. g5 {[%emt 0:00:19]} exd4 {[%emt 0:00:49]} 40. exd4 {[%emt 0:00:00]} Kd6 {[%emt 0:00:00]} 41. Rb1 {[%emt 0:03:24]} Rb8 {[%emt 0:03:11]} 42. Kf3 {[%emt 0:00:04]} f6 {[%emt 0:00:37]} 43. gxf6 {[%emt 0:04:12]} Bxf6 {[%emt 0:00:04]} 44. Ke4 {[%emt 0:00:23]} b5 {[%emt 0:03:34]} 45. Kd3 {[%emt 0:00:55]} b4 {[%emt 0:01:46]} 46. Ng3 {[%emt 0:06:14]} Kd5 {[%emt 0:01:05]} 47. Ne2 {[%emt 0:00:25]} g5 {[%emt 0:00:54]} 48. Nc3+ {[%emt 0:00:07]} Ke6 {[%emt 0:02:52]} 49. Ne4 {[%emt 0:00:40]} Rd8 {[%emt 0:02:06]} 50. Rc1 {[%emt 0:03:07]} Rxd4+ {[%emt 0:04:26]} 51. Ke3 {[%emt 0:00:07]} Rxe4+ {[%emt 0:00:04]} 52. Kxe4 {[%emt 0:00:04]} Kd6 {[%emt 0:00:12]} 53. Rf1 {[%emt 0:00:54]} Ke6 {[%emt 0:06:32]} 54. Rf3 {[%emt 0:01:32]} Bc3 {[%emt 0:02:38]} 55. Rf5 {[%emt 0:00:43]} b3 {[%emt 0:02:49]} 56. Rxg5 {[%emt 0:00:09]} b2 {[%emt 0:00:19]} 57. Rg1 {[%emt 0:00:03]} Bd2 {[%emt 0:00:50]} 58. Kd3 {[%emt 0:00:08]} Bc1 {[%emt 0:00:47]} 59. Kc2 {[%emt 0:00:04]} Kd5 {[%emt 0:00:21]} 60. Rg4 {[%emt 0:01:36]} c5 {[%emt 0:03:09]} 61. Rg8 {[%emt 0:00:49]} 1-0

[Event "13th Poti Nana Aleksandria Cup"]
[Site "Poti"]
[Date "2018.07.14"]
[Round "2"]
[White "Mnatsakanian, Arsen"]
[Black "Martynyuk, Elizaveta"]
[Result "1-0"]
[WhiteElo "2047"]
[BlackElo "2182"]
[Annotator "NA"]
[PlyCount "61"]
[EventDate "2018.07.13"]
[EventType "swiss"]
[EventCountry "GEO"]
[SourceTitle "playchess.com"]
[Source "ChessBase"]
[SourceQuality "1"]
[TimeControl "40/5400+30:1800+30"]

{[%evp 8,43,15,15,10,0,32767,32767,60,39,59,19,68,25,59,58,104,92,130,89,137,102,212,179,246,1,175,159,204,99,150,147,149,159,148,143,188,208]} 1. e4 {[%emt 0:00:00]} c5 {[%emt 0:00:00]} 2. Nc3 {[%emt 0:00:00]} Nc6 {[%emt 0:00:00]} 3. Bb5 {[%emt 0:00:00]} Nd4 {[%emt 0:00:00]} 4. Nf3 {[%emt 0:00:00]} Nxb5 {[%emt 0:00:01]} 5. Nxb5 {[%emt 0:00:05]} d6 {[%emt 0:00:33]} 6. d4 {[%emt 0:00:05]} a6 {[%emt 0:01:08] B23: Closed Sicilian: Lines without g3} 7. Nc3 {[%emt 0:00:05]} cxd4 {[%emt 0:00:16]} 8. Qxd4 {[%emt 0:00:06]} Bg4 {[%emt 0:01:57] LiveBook: 6 Partien} (8... e5 9. Qd3 h6 10. Nd2 Nf6 11. Nc4 Be6 12. Ne3 Rc8 13. a4 Qb6 14. O-O Be7 15. Rd1 O-O 16. Bd2 Qd4 17. Be1 Qxd3 18. Rxd3 Rc5 19. f3 Rfc8 {½-½ (56) Rapport,R (2715)-Lagarde,M (2587) Karlsruhe 2018}) 9. Be3 {[%emt 0:01:27]} Nf6 {[%emt 0:00:44]} 10. h3 {[%emt 0:02:35]} Bxf3 {[%emt 0:00:46]} 11. gxf3 {[%emt 0:00:03]} Qa5 {[%emt 0:11:12]} 12. O-O-O {[%emt 0:00:25]} g6 $146 {[%emt 0:01:35]} ({Predecessor:} 12... Rd8 13. Qa7 Nd7 14. Qxb7 Rb8 15. Rd5 Rxb7 16. Rxa5 Ne5 17. Rxa6 Nxf3 18. Ra8+ Kd7 19. a4 {1-0 (19) Van Foreest,J (2601)-De Bock,R (1962) Vlissingen 2016}) 13. Nd5 {[%emt 0:05:43]} Bg7 {[%emt 0:00:43]} ({Better is} 13... Nxd5 14. Qxh8 Nxe3 15. fxe3 Qxa2) 14. Bg5 {[%emt 0:02:01]} Nh5 {[%emt 0:04:21] [#]} (14... Qxa2 $16 {was worth a try.} 15. Nc7+ (15. Bxf6 Bxf6 16. Nxf6+ exf6 $11) 15... Kd7 16. Nxa8 Qa1+ 17. Kd2 Qa5+ 18. Ke2 Qxg5 19. Nb6+ Kc7) 15. Qc4 $1 {[%emt 0:02:21]} O-O {[%emt 0:00:49]} 16. Nxe7+ $2 {[%emt 0:12:31]} ({White should try} 16. Bxe7 $18 Rfc8 17. Qb3) 16... Kh8 {[%emt 0:00:03]} 17. Nd5 {[%emt 0:02:09]} f5 {[%emt 0:03:27] [#]} 18. Be3 {[%emt 0:05:18]} (18. Be7 $1 $18) 18... Qb5 {[%emt 0:06:28]} (18... fxe4 $142 19. fxe4 b5) 19. Qxb5 {[%emt 0:00:49]} axb5 {[%emt 0:00:06]} 20. a3 {[%emt 0:00:47]} fxe4 {[%emt 0:02:26]} 21. fxe4 {[%emt 0:00:04]} Be5 {[%emt 0:01:37] [#]} 22. Nc7 $18 {[%emt 0:01:39]} Ra5 {[%emt 0:03:52]} 23. Bb6 {[%emt 0:01:02]} Ra4 {[%emt 0:00:04]} 24. Nxb5 {[%emt 0:00:38]} Rxe4 {[%emt 0:00:35]} 25. Nxd6 {[%emt 0:01:08]} Re2 {[%emt 0:00:28]} 26. Nxb7 {[%emt 0:01:35]} Nf4 {[%emt 0:04:21]} 27. Rd8 {[%emt 0:01:36]} Rxd8 {[%emt 0:01:14]} 28. Nxd8 {[%emt 0:00:05]} Kg8 {[%emt 0:00:41]} 29. Be3 {[%emt 0:00:15]} h5 {[%emt 0:02:55]} 30. Nc6 {[%emt 0:00:44]} Bd6 {[%emt 0:25:35]} 31. Kd1 {[%emt 0:00:06]} 1-0

[Event "13th Poti Nana Aleksandria Cup"]
[Site "Poti"]
[Date "2018.07.14"]
[Round "2"]
[White "Gordon, Evgeny"]
[Black "Yeritsyan, Hayk"]
[Result "1/2-1/2"]
[WhiteElo "2016"]
[BlackElo "2178"]
[Annotator "NA"]
[PlyCount "111"]
[EventDate "2018.07.13"]
[EventType "swiss"]
[EventCountry "GEO"]
[SourceTitle "playchess.com"]
[Source "ChessBase"]
[SourceQuality "1"]
[TimeControl "40/5400+30:1800+30"]

1. d4 {[%emt 0:00:00]} Nf6 {[%emt 0:01:25]} 2. c4 {[%emt 0:00:00]} e6 {[%emt 0:00:23]} 3. Nc3 {[%emt 0:00:00]} d5 {[%emt 0:00:10]} 4. Nf3 {[%emt 0:01:03]} Be7 {[%emt 0:00:08]} 5. Bf4 {[%emt 0:01:20]} c5 {[%emt 0:00:13]} 6. dxc5 {[%emt 0:04:24]} Bxc5 {[%emt 0:00:07]} 7. e3 {[%emt 0:00:48]} Nc6 {[%emt 0:00:18]} 8. Be2 {[%emt 0:05:26]} O-O {[%emt 0:00:30]} 9. O-O {[%emt 0:00:59]} dxc4 {[%emt 0:00:27]} 10. Qxd8 {[%emt 0:05:35]} Rxd8 {[%emt 0:00:07]} 11. Bxc4 {[%emt 0:00:04]} b6 {[%emt 0:01:39]} 12. Rfd1 {[%emt 0:02:10]} Bb7 {[%emt 0:00:12]} 13. a3 {[%emt 0:01:20]} Rac8 {[%emt 0:02:11]} 14. h3 {[%emt 0:08:15]} h6 {[%emt 0:04:35]} 15. Kf1 {[%emt 0:05:55]} Rxd1+ {[%emt 0:11:32]} 16. Nxd1 {[%emt 0:11:35]} Na5 {[%emt 0:04:09]} 17. Ba2 {[%emt 0:03:15]} Be7 {[%emt 0:02:18]} 18. Be5 {[%emt 0:06:26]} Ne4 {[%emt 0:05:00]} 19. Nc3 {[%emt 0:16:24]} Nc6 {[%emt 0:22:48]} 20. Bb1 {[%emt 0:10:09]} Nd2+ {[%emt 0:09:03]} 21. Nxd2 {[%emt 0:00:20]} Nxe5 {[%emt 0:00:03]} 22. f4 {[%emt 0:02:32]} Rd8 {[%emt 0:00:47]} 23. Be4 {[%emt 0:03:54]} Rxd2 {[%emt 0:04:32]} 24. Bxb7 {[%emt 0:00:38]} Nc4 {[%emt 0:00:24]} 25. Nd1 {[%emt 0:01:27]} Bc5 {[%emt 0:00:35]} 26. Ke1 {[%emt 0:04:23]} Rd7 {[%emt 0:00:08]} 27. Bf3 {[%emt 0:02:40]} Bxe3 {[%emt 0:01:07]} 28. Nxe3 {[%emt 0:00:51]} Nxe3 {[%emt 0:00:04]} 29. Rc1 {[%emt 0:00:31]} g6 {[%emt 0:00:38]} 30. g4 {[%emt 0:01:40]} Nd5 {[%emt 0:00:13]} 31. Bxd5 {[%emt 0:00:08]} Rxd5 {[%emt 0:00:07]} 32. Ke2 {[%emt 0:00:44]} a5 {[%emt 0:00:20]} 33. Ke3 {[%emt 0:01:01]} Rb5 {[%emt 0:00:06]} 34. b4 {[%emt 0:00:35]} axb4 {[%emt 0:00:16]} 35. Rb1 {[%emt 0:00:01]} b3 {[%emt 0:00:06]} 36. Kd3 {[%emt 0:00:15]} b2 {[%emt 0:01:24]} 37. Kc3 {[%emt 0:00:11]} Kg7 {[%emt 0:00:55]} 38. a4 {[%emt 0:00:10]} Ra5 {[%emt 0:00:05]} 39. Kb4 {[%emt 0:00:08]} Rd5 {[%emt 0:00:09]} 40. Rxb2 {[%emt 0:00:00]} Kf6 {[%emt 0:00:00]} 41. Rc2 {[%emt 0:02:46]} Rd4+ {[%emt 0:07:55]} 42. Kb5 {[%emt 0:00:07]} Rxf4 {[%emt 0:00:11]} 43. Ra2 {[%emt 0:00:48]} Rf3 {[%emt 0:00:15]} 44. Kxb6 {[%emt 0:00:17]} Rxh3 {[%emt 0:00:07]} 45. a5 {[%emt 0:00:06]} Rb3+ {[%emt 0:04:47]} 46. Kc7 {[%emt 0:00:48]} Rc3+ {[%emt 0:00:25]} 47. Kb7 {[%emt 0:00:14]} Rd3 {[%emt 0:00:53]} 48. Kc7 {[%emt 0:12:20]} Ke7 {[%emt 0:12:28]} 49. a6 {[%emt 0:05:44]} Rd7+ {[%emt 0:01:16]} 50. Kb8 {[%emt 0:02:28]} f5 {[%emt 0:01:34]} 51. Rh2 {[%emt 0:07:30]} f4 {[%emt 0:01:43]} 52. Rxh6 {[%emt 0:00:11]} Kf6 {[%emt 0:00:07]} 53. Rh8 {[%emt 0:01:02]} e5 {[%emt 0:00:43]} 54. Re8 {[%emt 0:00:58]} Kg5 {[%emt 0:00:46]} 55. a7 {[%emt 0:01:15]} Rxa7 {[%emt 0:00:05]} 56. Kxa7 {[%emt 0:00:05]} 1/2-1/2

[Event "13th Poti Nana Aleksandria Cup"]
[Site "Poti"]
[Date "2018.07.14"]
[Round "2"]
[White "Shanya Mishra"]
[Black "Mosadeghpour, Masoud"]
[Result "0-1"]
[WhiteElo "1980"]
[BlackElo "2531"]
[Annotator "TA"]
[PlyCount "79"]
[EventDate "2018.07.13"]
[EventType "swiss"]
[EventCountry "GEO"]
[SourceTitle "playchess.com"]
[Source "ChessBase"]
[SourceQuality "1"]

{[%evp 19,79,21,52,21,27,32,62,53,122,47,60,54,75,0,0,0,0,-7,-7,-37,-24,-87,-50,-87,-84,-140,-140,-173,-176,-182,-163,-160,-147,-212,-188,-197,-184,-199,-195,-242,-226,-355,-353,-418,-391,-416,-365,-403,-363,-381,-367,-441,-429,-478,-424,-519,-525,-1261,-1245,-1216,-1208,-1397]} 1. d4 Nf6 2. c4 g6 3. Nc3 d5 4. cxd5 Nxd5 5. e4 Nxc3 6. bxc3 Bg7 7. Be3 c5 8. Qd2 Qa5 9. Nf3 b6 {D85: Exchange Grünfeld: Unusual White 7th moves and lines with 7 Nf3} (9... O-O 10. Rc1 Rd8 11. d5 e6 12. Bg5 f6 13. Be3 Nc6 14. Bd3 Ne7 15. c4 Qxd2+ 16. Bxd2 b6 17. O-O Ba6 18. Rfe1 Rac8 19. Bf1 exd5 20. exd5 {1-0 (46) Yu,Y (2759)-Svidler,P (2753) Shenzhen 2018}) 10. Rc1 Ba6 {LiveBook: 3 Games} 11. d5 Bxf1 {The position is equal.} 12. Kxf1 Nd7 13. g3 $146 ({Predecessor:} 13. c4 Qa3 14. Qc2 O-O 15. h4 e6 16. dxe6 fxe6 17. Rh3 {½-½ (47) Akesson,R (2457)-Tukhaev,A (2542) Sweden 2014}) 13... O-O-O ({Black should try} 13... O-O $14) 14. c4 (14. Qc2 $16) 14... Qxd2 $14 15. Bxd2 h6 16. Bc3 (16. h4 $16) 16... Bxc3 $11 17. Rxc3 e6 18. Nd2 exd5 19. cxd5 f5 20. f3 (20. exf5 $11 {keeps the balance.} gxf5 21. Rf3) 20... Rhe8 21. Kf2 Nf6 {[%cal Rf5e4]} 22. Re1 {[#]} (22. Re3 $142) 22... fxe4 $1 $17 23. Nxe4 Nxd5 24. Ra3 Kb8 25. Rb1 Nb4 26. Ra4 (26. Rc3 $17) 26... Re5 27. a3 Nc6 28. Rc4 Kc7 29. Rb2 Rd3 30. Nc3 (30. Rc3 $142 Rd1 31. h4) 30... Kd7 31. Nb1 Ree3 32. f4 Rb3 33. Rd2+ Nd4 34. Rc1 Kd6 35. Ra2 Kd5 {Black is clearly winning.} 36. a4 h5 37. Rd1 a6 38. Nd2 Re2+ 39. Kf1 Rd3 40. a5 {Precision: White = 17%, Black = 74%.} 0-1